| 000 | 00722nam a2200241Ia 4500 | ||
|---|---|---|---|
| 003 | OSt | ||
| 005 | 20250722193217.0 | ||
| 008 | 210423s2006 xx 000 0 und d | ||
| 020 | _a101412924065 | ||
| 040 | _cAL | ||
| 041 | _aEnglish | ||
| 082 |
_a070.92 _bTUMJ |
||
| 100 |
_aHoward Tumber _979328 |
||
| 245 |
_aJournalists under fire _b: information war and jouralistic practices |
||
| 260 |
_aNew Delhi _bSage Publications _c2006 |
||
| 300 |
_aiv,187p. _bHB _c23.5x15.5cm. |
||
| 365 | _cINR | ||
| 650 |
_aJournalism _979329 |
||
| 650 |
_aJournalism & Media _979330 |
||
| 700 |
_aWebster, Frank _9219733 |
||
| 906 | _afire: ; information ; jouralistic ; Journalists ; practices. ; under ; war | ||
| 942 |
_2ddc _cBK |
||
| 999 |
_c156330 _d156330 |
||